Evolución de las funciones de utilidad para la toma de decisiones (Registro nro. 17844)
[ vista simple ]
| 000 -LEADER | |
|---|---|
| fixed length control field | 00411 a2200121 4500 |
| 001 - CONTROL NUMBER | |
| control field | ART_46055 |
| 005 - DATE AND TIME OF LATEST TRANSACTION | |
| control field | 20260410161731.0 |
| 008 - FIXED-LENGTH DATA ELEMENTS--GENERAL INFORMATION | |
| fixed length control field | 260409a |
| 100 1# - MAIN ENTRY--PERSONAL NAME | |
| Personal name | El Alabi, Emilio |
| 245 10 - TITLE STATEMENT | |
| Title | Evolución de las funciones de utilidad para la toma de decisiones |
| 700 1# - ADDED ENTRY--PERSONAL NAME | |
| Personal name | Milanesi, Gastón S. |
| 773 0# - HOST ITEM ENTRY | |
| Title | Escritos contables y de administración |
| Related parts | - Vol. 6, Nº 1 (ene./jun. 2015) |
| Record control number | REV2758 |
No hay ítems disponibles.